La identidad (Registro nro. 184647)

Detalles MARC
000 -ENCABEZADO
Número de control [NR] 00851cam a2200265 a 4500
005 - FECHA Y HORA DE LA ÚLTIMA TRANSACCIÓN
control field 20140903175029.0
008 - DE LONGITUD FIJA DE DATOS DE ELEMENTOS - INFORMACIÓN GENERAL
Elementos de longitud fija [NR] 140122s2010 sp frn 000 0dspa d
020 ## - NUMERO INTERNACIONAL NORMALIZADO PARA LIBROS [R]
Número Internacional Normalizado del libro [NR] 9788483107423
040 ## - FUENTE DE CATALOGACION [NR]
Agencia de catalogación original [NR] CO-BoUCM
Idioma de catalogación [NR] spa
Quien Cataloga
Quien Clasifica
041 1# - CODIGO DE IDIOMA [R]
Código de idioma para texto/pista de sonido o título separado [R] Español
Language code of original and/or intermediate translations of text Frances
100 1# - ASIENTO PRINCIPAL--NOMBRE PERSONAL [NR]
Nombre personal [NR] Kundera, Milan
Fechas asociadas con el nombre [NR] 1929-
ID Autoridad 31541
245 13 - MENCION DE TITULO [NR]
Título [NR] La identidad
Mención de responsabilidad, etc. [NR] Milan Kundera ; traducción Beatriz de Moura
250 ## - MENCION DE EDICION [NR]
Mención de edición [NR] 6a ed
260 ## - PUBLICACION, DISTRIBUCION, ETC. (PIE DE IMPRENTA) [R]
Lugar de publicación, distribución, etc. [R] Barcelona
Nombre del editor, distribuidor, etc. [R] Tusquets
Fecha de publicación, distribución, etc. [R] 2010
300 ## - DESCRIPCION FISICA [R]
Extensión [R] 178 páginas
490 ## - MENCION DE SERIE [R]
Mención de serie [R] Colección Fabula
Designación numérica/secuencial del volumen [NR] 162
650 #7 - ASIENTO SECUNDARIO DE MATERIA - TERMINO TEMATICO [R]
Término temático o nombre geográfico como elemento de entrada [NR] Amor en la literatura
9 (RLIN) 8921
650 #7 - ASIENTO SECUNDARIO DE MATERIA - TERMINO TEMATICO [R]
Término temático o nombre geográfico como elemento de entrada [NR] Literatura checa
9 (RLIN) 18623
650 #7 - ASIENTO SECUNDARIO DE MATERIA - TERMINO TEMATICO [R]
Término temático o nombre geográfico como elemento de entrada [NR] Novela checa
9 (RLIN) 20479
690 ## - ASUNTO AGREGADO LOCAL DE ENTRADA - TÉRMINO TEMÁTICO (OCLC, RLIN)
9 (RLIN) 42863
Acceso temático local Literatura europea
700 1# - ASIENTO SECUNDARIO - NOMBRE PERSONAL [R]
Nombre personal [NR] Moura, Beatriz de
Término de relación [R] traductor
9 (RLIN) 53845
765 ## - ASIENTO DE IDIOMA ORIGINAL [R]
Título [NR] L'identite
942 ## - ELEMENTOS DE ENTRADA AGREGADOS (KOHA)
Tema principal Literatura
Tipo de ítem principal el descrito en 300a Libro
Edición 6
Parte restante de la signatura top. K964i
Sistema de clasificación DEWEY
Clasificación 891.865
Existencias
Fecha de último préstamo Total préstamos Total Renewals Signatura topográfica Código de barras Última vez visto Volúmen / Fascículo Ejemplar Costo de reposición Price effective from Tipo de ítem Perdido Sistema de clasificación Dañado No prestable Tipo de ítem específico Suprimido Ubicación habitual Ubicación actual Localización Fecha de creación Proveedor Forma de adquisición Costo
18/04/2024 13 12 891.865 K964i 100138728 09/12/2025 6a.Ed. Ej.1 26000.00 17/12/2013 Libro   DEWEY     Libro   Claustro Claustro 2do piso 17/12/2013 12 Donación 0.00